Elementary linear algebra (Record no. 63852)

000 -LEADER
fixed length control field 00488nam a22001937a 4500
003 - CONTROL NUMBER IDENTIFIER
control field NUST - PNEC
005 - DATE AND TIME OF LATEST TRANSACTION
control field 20170116180825.0
008 - FIXED-LENGTH DATA ELEMENTS--GENERAL INFORMATION
fixed length control field 150702b xxu||||| |||| 00| 0 eng d
020 ## - INTERNATIONAL STANDARD BOOK NUMBER
International Standard Book Number 0471098906
040 ## - CATALOGING SOURCE
Transcribing agency LIBRARY
082 ## - DEWEY DECIMAL CLASSIFICATION NUMBER
Classification number 512.5 ANT
100 ## - MAIN ENTRY--PERSONAL NAME
9 (RLIN) 4305
Personal name Anton, Howard
245 ## - TITLE STATEMENT
Title Elementary linear algebra
Statement of responsibility, etc. Howard Anton
250 ## - EDITION STATEMENT
Edition statement 4th ed
260 ## - PUBLICATION, DISTRIBUTION, ETC.
Place of publication, distribution, etc. New york
Name of publisher, distributor, etc. John Wiley & Sons Inc
Date of publication, distribution, etc. c1973.
300 ## - PHYSICAL DESCRIPTION
Extent 403 p. :
650 ## - SUBJECT ADDED ENTRY--TOPICAL TERM
9 (RLIN) 4306
Topical term or geographic name entry element Math
General subdivision ME
942 ## - ADDED ENTRY ELEMENTS (KOHA)
Source of classification or shelving scheme
Koha item type Book
Holdings
Withdrawn status Lost status Source of classification or shelving scheme Damaged status Not for loan Permanent Location Current Location Shelving location Date acquired Source of acquisition Cost, normal purchase price Total Checkouts Full call number Barcode Date last seen Cost, replacement price Price effective from Koha item type Date last checked out
          Pakistan Navy Engineering College (PNEC) Pakistan Navy Engineering College (PNEC)   09/26/1990 Reprodned photocopy / Library / Reference Grant 115.00   512.5 ANT PNECLIB-011611 07/02/2015 115.00 09/26/1990 Book  
          Pakistan Navy Engineering College (PNEC) Pakistan Navy Engineering College (PNEC)   07/31/2015       512.5 ANT PNECLIB-013450 07/31/2015   07/31/2015 Book  
          Pakistan Navy Engineering College (PNEC) Pakistan Navy Engineering College (PNEC)         1 512.5 ANT PNECLIB-011504 10/31/2016     Book 10/20/2016
          Pakistan Navy Engineering College (PNEC) Pakistan Navy Engineering College (PNEC)   10/05/2015       512.5 ANT PNECLIB-011612 10/05/2015     Book  
          Pakistan Navy Engineering College (PNEC) Pakistan Navy Engineering College (PNEC)   10/05/2015     2 512.5 ANT PNECLIB-011613 11/17/2016     Book 11/17/2016
          Pakistan Navy Engineering College (PNEC) Pakistan Navy Engineering College (PNEC)           512.5 ANT PNECLIB-011609 10/06/2015     Book  
          Pakistan Navy Engineering College (PNEC) Pakistan Navy Engineering College (PNEC)   10/06/2015     1 512.5 ANT PNECLIB-011610 09/23/2016     Book 09/23/2016
          Pakistan Navy Engineering College (PNEC) Pakistan Navy Engineering College (PNEC)   10/06/2015       512.5 ANT PNECLIB-011608 10/06/2015     Book  
          Pakistan Navy Engineering College (PNEC) Pakistan Navy Engineering College (PNEC)   10/06/2015     1 512.5 ANT PNECLIB-011615 09/09/2016     Book 09/09/2016
          Pakistan Navy Engineering College (PNEC) Pakistan Navy Engineering College (PNEC)   10/06/2015     4 512.5 ANT PNECLIB-011506 11/24/2016     Book 11/24/2016
© 2023 Central Library, National University of Sciences and Technology. All Rights Reserved.